| 000 | 00700nam a2200265Ia 4500 | ||
|---|---|---|---|
| 005 | 20260121172900.0 | ||
| 008 | 008 260114s9999 xx 000 0 eng d | ||
| 020 | _a9783030887438 | ||
| 037 | _aEBOOK | ||
| 040 | _aCRL | ||
| 040 | _beng | ||
| 040 | _cCRL | ||
| 041 | _2eng | ||
| 041 | _aeng | ||
| 084 | _qCRL | ||
| 100 |
_aJie Gao, Mushu Li, Weihua Zhuang _91093909 |
||
| 245 | 0 | _aConnectivity and Edge Computing in IoT: Customized Designs and AI-based Solutions | |
| 260 | _bSpringer | ||
| 260 | _bSpringer | ||
| 260 | _c2021 | ||
| 856 | _uhttps://link.springer.com/openurl?genre=book&isbn=978-3-030-88743-8 | ||
| 942 | _cEBOOK | ||
| 999 |
_c1659651 _d1659651 |
||